Italienisch Verben - Statistiken

Allgemein
  • Dieses Quiz wurde 364 mal gespielt
  • Das Durchschnittsergebnis liegt bei 14 aus 20
Antwortstatistiken
Frage (italienisch) Antwort (deutsch) % Korrekt
essere sein
96%
stare sein, sich befinden
96%
parlare sprechen
90%
andare gehen
88%
avere haben
87%
fare machen
86%
dire sagen
83%
venire kommen
81%
volere wollen
79%
vedere sehen
77%
prendere nehmen
76%
dare geben
70%
potere können
70%
trovare finden
68%
sapere wissen
67%
dovere müssen
58%
lasciare lassen
54%
sentire hören
49%
mettere stellen, legen, setzen
46%
guardare anschauen
27%
Keine übereinstimmenden Quizze gefunden
Verteilung der Resultate
Anzahl Personen mit jedem Resultat
Perzentil nach korrekt beantworteten Fragen
Ihre Resultats-Entwicklung
Sie haben dieses Quiz noch nicht gespielt